| 000 | 01118cam a22003015a 4500 | ||
|---|---|---|---|
| 001 | 17175823 | ||
| 003 | OSt | ||
| 005 | 20180117085940.0 | ||
| 008 | 120222s2012 cau 000 0 eng | ||
| 010 | _a 2012933865 | ||
| 020 | _a9781111834494 | ||
| 020 | _a1111834490 | ||
| 040 |
_aDLC _cDLC _dDLC |
||
| 042 | _apcc | ||
| 100 | 1 | _aMash, J. Eric. | |
| 245 | 1 | 0 |
_aAbnormal child psychology / _cEric J. Mash, David A. Wolfe. |
| 250 | _a5th ed. | ||
| 260 |
_aBelmont, CA : _bWadsworth, _c2012. |
||
| 263 | _a1207 | ||
| 300 | _ap. cm. | ||
| 856 | 4 | 2 |
_3Publisher description _uhttp://www.loc.gov/catdir/enhancements/fy1212/2012933865-d.html |
| 856 | 4 | 1 |
_3Table of contents only _uhttp://www.loc.gov/catdir/enhancements/fy1212/2012933865-t.html |
| 856 | 4 | 2 |
_3Contributor biographical information _uhttp://www.loc.gov/catdir/enhancements/fy1303/2012933865-b.html |
| 906 |
_a0 _bibc _corignew _d2 _eepcn _f20 _gy-gencatlg |
||
| 942 |
_2ddc _cBK |
||
| 999 |
_c2401 _d2401 |
||